| 000 | 00442nam a2200169 i 4500 | ||
|---|---|---|---|
| 001 | 88194 | ||
| 003 | ES-MaACL | ||
| 005 | 20230906175822.0 | ||
| 007 | t| | ||
| 008 | 050103s1928 sp ||||1| spa d | ||
| 100 | 1 |
_aLahoz, Primitivo. _969651 |
|
| 245 | 1 | 0 |
_aCuriosidades matemáticas / _cPrimitivo Lahoz. |
| 250 | _a2ª ed. aum. | ||
| 260 |
_aMadrid : _bSèz Hermanos, _c1928. |
||
| 300 |
_a78 p. ; _c18 cm. |
||
| 852 |
_aES-MaACL _j1735-F-5 |
||
| 999 |
_c88194 _d88194 |
||